Statistics for Los Angeles Lakers 2010's Starters

Click here to take the quiz!

General Stats

  • This quiz has been taken 109 times
    (65 since last reset)
  • The average score is 16 of 27

Answer Stats

Player Starts % Correct
Kobe Bryant5
100%
Lonzo Ball1
100%
Pau Gasol3
94%
Brandon Ingram1
91%
Andrew Bynum2
89%
D'Angelo Russell2
87%
Julius Randle2
85%
Ron Artest3
83%
Steve Nash1
81%
Derek Fisher2
81%
Dwight Howard1
80%
Brook Lopez1
76%
Kentavious Caldwell-Pope1
70%
Earl Clark1
54%
Jordan Clarkson1
54%
Nick Young1
46%
Jeremy Lin1
43%
Jordan Hill1
41%
Timofey Mozgov1
41%
Luol Deng1
37%
Carlos Boozer1
35%
Larry Nance1
33%
Roy Hibbert1
30%
Wesley Johnson2
22%
Jodie Meeks1
17%
Ryan Kelly1
11%
Kendall Marshall1
9%

Score Distribution

Percentile by Number Answered

Percent of People with Each Score

Your Score History

You have not taken this quiz since the last reset